000 00921nas a2200301 4500
001 BR0707884
003 BR-BrBNA
005 20231205111404.0
007 ta
008 230509b bl.|||p| |||| 00| 00por d
040 _aBR-BrBNA
_bpor
_cBiblioteca Nacional de Agricultura
041 _a(Pt)
072 _aE16; L01
100 1 _aDias, F.P.
100 1 _aSouza, C.A.S.
100 1 _aMendes, A.N.G.
100 1 _aCarvalho, S.P. de
100 1 _aRaso, B. de S.M.
100 1 _aBotelho, C.E.
245 1 _aCaracterização de progênies do cafeeiro (Coffea arabica)selecionadas em Minas Gerais: 2- Caracteres relacionados à produção
650 _aCAFÉ
650 _aPROGENIE
650 _aPRODUÇÃO
650 _aMINAS GERAIS
773 0 _tRevista Ceres (Brazil)
_xISSN 0034-737X
_g(Jan-Feb 2005), v. 52(299) p. 85-101
_wBR0707884
909 _a202311
_bLúcia
_c55
_dLúcia Elande
942 _2AGRIS
_n0
_cANA
999 _c192436
_d192436